|
|
|
|
| LEADER |
00977nab a2200241 i 4500 |
| 001 |
tort512 |
| 005 |
20221125112946.0 |
| 008 |
221125s2022 hu o 0|| zxx d |
| 040 |
|
|
|a PEREPO TORTENET
|b hun
|
| 041 |
|
|
|a zxx
|
| 100 |
1 |
|
|a Mozsár Eszter
|
| 245 |
1 |
2 |
|a A Magyar Tudomány Ünnepe - konferenciát rendezett a zalaegerszegi egyetemi központ
|h [elektronikus dokumentum] /
|c Eszter Mozsár
|
| 260 |
|
|
|c 2022-11-16
|
| 490 |
0 |
|
|a Zalai Hírlap Online (ZAOL.hu)
|
| 695 |
|
|
|a Pannon Egyetem Zalaegerszegi Egyetemi Központ - PE ZEK
|
| 695 |
|
|
|a konferencia
|
| 695 |
|
|
|a előadás
|
| 695 |
|
|
|a Magyar Tudomány ünnepe
|
| 695 |
|
|
|a Németh István dr.
|
| 695 |
|
|
|a Antal Anita dr.
|
| 695 |
|
|
|a Guzsivecs Tibor dr.
|
| 695 |
|
|
|a Horváth András
|
| 856 |
4 |
0 |
|u https://perepo-tortenet.uni-pannon.hu/id/eprint/512/1/2022-11-16_zaol_A%20Magyar%20Tudom%C3%A1ny%20%C3%9Cnnepe%20-%20konferenci%C3%A1t%20rendezett%20a%20zalaegerszegi%20egyetemi%20k%C3%B6zpont.pdf
|z Dokumentum-elérés
|